|
|
|
|
| LEADER |
00000nam a2200000 a 4500 |
| 001 |
vtls001423479 |
| 003 |
SK-MaSNL |
| 005 |
20260301202526.0 |
| 008 |
240318sm y0 xo 0 und |
| 035 |
|
|
|a SNK000378353
|
| 040 |
|
|
|a SNK
|b slo
|c SNK
|e AACR2
|
| 044 |
|
|
|a xo
|c SK
|
| 100 |
1 |
|
|a Dolling, Ulf H.
|4 aut
|9 321796
|
| 245 |
1 |
0 |
|a Spôsob výroby finasteridu a medziprodukty na vykonávanie tohto spôsobu. C07J 73/00
|
| 260 |
|
|
|a Banská Bystrica
|b Úrad priemyselného vlastníctva SR
|c 2001
|
| 300 |
|
|
|c 5 s.
|
| 999 |
|
|
|c 899167
|d 901097
|
| 952 |
|
|
|t P60, <04>, [BOOK], {604}
|a SNK
|b SNK
|y VYP
|7 0
|p 17A0320454
|o snkSK 281765
|i snkPS 979/2001
|0 0
|1 0
|4 0
|d 2001-11-05
|l 0
|r 2005-01-02 00:00:00
|w 2026-02-24
|